Evil People in History - Statistics

General Stats
  • This quiz has been taken 971 times
    955 since last reset
  • The average score is 10 of 25
Answer Stats
Hint Answer % Correct
3 Chancellor of Germany, responsible for over 11 million deaths Adolf Hitler
70%
1 Prince of Wallachia, impaled people to kill, liked to eat and drink around dead bodies, impaled over 100,00 women and children Vlad Dracula
66%
20 Dictator of Iraq, 2 million people died as a result of his actions Saddam Hussein
62%
7 Created famine and genocide within his own country that killed per 40 million people, sent tens of millions to labour camps, 700,000 people committed suicide in fear of him Mao Zedong
61%
13 Burned Rome, murdered every person in his family, Christians believed him to be the Anti-Christ Nero
58%
19 Head of the SS, responsible for 6 to 7 million deaths Heinrich Himmler
56%
6 Tsar of Russia, began killing as a teenager, killed his wife one day after their marriage Ivan the Terrible
53%
5 Dictator of Uganda, killed people by giving them to crocodiles, ruined the country through genocide and death squads Idi Amin
50%
4 Killing Fields, the only man in history to order an official genocide against the entirety of his own country Pol Pot
50%
2 Killed up to 60 million people, created a 30 year reign of violence and terror Joseph Stalin
45%
10 Conquered China, killed people with molten silver in their eyes, killed 30% of the known world's population Genghis Khan
44%
23 "Angel of Death", Nazi experimenter Josef Mengele
44%
15 Leader of Iranian Revolution, implementor of Shia Law Ayatollah Ruhollah Khomeini
33%
9 Subjected Congo to a regime of terror, killed 50% of their population, lied to the world about it Leopold II of Belgium
33%
17 Tyrant leader of the Committee of Public Safety, guillotined friends Maximilien Robespierre
30%
16 Started the Korean War, Killed all his officers after War to brainwash country Kim Il Sung
28%
21 Terrorist leader, Ordered bombings of Madrid trains, the Luxor Massacre Osama Bin Laden
27%
25 Countess, killed 650 girls, possibly bathed in blood Elizabeth Bathory
26%
14 Part of the Rape of Nanking, forced 10 million Chinese people into slavery Emperor Hirohito
24%
18 Holocaust architect, created the ghettos and concentration camps Adolf Eichmann
21%
11 Called "the scourge of God", ate two of his sons, rampaged Roman cities Attila the Hun
21%
12 160 000 animals scarified for him in three months, forced families to attend children's executions Caligula
21%
22 SS and Final Solution Mastermind, Caused invasion of Poland Reinhard Heydrich
16%
8 Started the Spanish Inquisition, developed tortures such as garrucha and the porto Tomas de Torquemada
13%
24 Sultan of Ottoman Empire, ordered 1.5 million deaths Talat Pasha
7%
No matching quizzes found
Score Distribution
Percent of People with Each Score
Percentile by Number Answered
Your Score History
You have not taken this quiz since the last reset